00578cam a22002291 4500001001300000003000400013005001700017008004100034010001700075025001800092035002000110040002100130050001800151100002400169245003800193260001100231300001800242500001400260500001100274650004600285999001700331sa 65005189 DLC20260227112136.0941012s1962 ii 000 0 orio  asa 65005189  aPL480:I-O-445 a(OCoLC)31273831 aDLCcCUdCUdDLC00aPK2581.S3bM51 aMisra, Pranabandhu.10aBidura-nīti o nīti-pradīpa. c[1962] a73 p.c18 cm. aIn Oriya. aPoems. 0aSanskrit poetryxTranslations into Oriya. c64174d64174